Statistics for Monstercat Instinct Vol. 3 Songs

Click here to take the quiz!

General Stats

  • This quiz has been taken 12 times
  • The average score is 28 of 40

Answer Stats

Track NumberArtist(s)Song% Correct
8Au5 ft. Danyka NadeauEden
100%
7RogueOceans
100%
15Trivecta ft. Monika SantucciTornado
100%
4Grant ft. JuneauColor
90%
1SlushiiDreaming of You
90%
9Dion Timmer ft. Micah MartinInternet Boy
90%
28MidocaPoor Surgeon
90%
2ConroRemember You
90%
217 Minutes Dead ft. EmsiWithout Chu
90%
35Half an OrangeEnd of the Moon
80%
29DESERT STARForeign Land
80%
12Half an OrangeGiven Up
80%
30Lil HankHank's Happy Place
80%
13Nonsens ft. Tobias StenkjaerHeroes
80%
34CloudNone & Matt VanJulia
80%
39Mazare & LumaNothing More
80%
20Direct & Killabyte ft. Matt VanOne Less Star
80%
31LaszloRendezvous
80%
17RootkitVoyage
80%
11Grant ft. McCallWishes
80%
32Protostar ft. Sam TaborFeel Your Heart
70%
3Vicetone ft. Matt WertzFences
70%
14Infected Mushroom & Tuna ft. A-WaLost In Space
70%
22Mazare & RUNNWhere Do We Go
70%
23VicetoneHome
60%
25Aiobahn & RudeLies ft. Kris KissMotivation
60%
40CloudNone & Elle VeeOut There
60%
18CloudNoneBlue to Blue
50%
16Bishu & AnjulieControl
50%
6Feint ft. ElizavetaDrifters
50%
27Mr FijiWiji ft. Matt VanEnough
50%
24SLUMBERJACK ft. Claire RidgelyHide and Seek
50%
33MurdockIn Touch
50%
10BrakenWherever You Go
50%
37Disero & FTKS ft. WinterAbout Us
40%
38BishuBlind Spots
40%
5SLUMBERJACK & EkaliClosure
40%
26Disero ft. Josh SmithLike That
40%
36Duumu ft. Danyka NadeauWash Away
40%
19Duumu ft. Pauline HerrYou Say
40%

Score Distribution

Percentile by Number Answered

Percent of People with Each Score

Your Score History

You have not taken this quiz